Countries That Producing the Most Natural Honey - Statistics

General Stats
  • This quiz has been taken 49 times
  • The average score is 11 of 15
Answer Stats
Ton Country % Correct
76,467 United States
100%
431,900 China
96%
86,057 Brazil
94%
88,565 Canada
94%
64,918 Mexico
91%
48,606 Russia
91%
72,577 India
89%
71,399 Spain
85%
52,819 Argentina
79%
114,970 Turkey
74%
64,975 Iran
66%
35,000 New Zealand
55%
64,569 Ukraine
53%
44,822 South Korea
40%
43,454 Ethiopia
32%
No matching quizzes found
Score Distribution
Percent of People with Each Score
Percentile by Number Answered
Your Score History
You have not taken this quiz